Paseando con animales prehistóricos : dientes de sable = Walking with Beasts : Sabre-tooth /

محفوظ في:
التفاصيل البيبلوغرافية
المؤلف الرئيسي: James, Jasper (prod. de la serie)
مؤلفون آخرون: Haines, Tim (producción ejecutiva) (producción ejecutiva), Paterson, Nigel (producción) (producción), Paterson, Nigel (dirección) (dirección), Jenkins, Paul (fotógrafo) (fotógrafo), Wilks, Andrew (montaje) (montaje), Bartlett, Ben (música) (música), Branagh, Kenneth (conducción) (conducción), Howarth, John (fotógrafo) (fotógrafo), Pitts, Michael (fotógrafo) (fotógrafo), Bell, Geoffrey (fotógrafo) (fotógrafo)
التنسيق: شريحة
اللغة:الإنجليزية
منشور في: México : Tycoon [distribución], copyright fecha no identificada
سلاسل:(Paseando con Animales Prehistóricos ; 3)
(Walking with Beasts ; 3)
الموضوعات:
الوسوم: إضافة وسم
لا توجد وسوم, كن أول من يضع وسما على هذه التسجيلة!

MARC

LEADER 00000ngm^a2200000^a^4500
001 000184569
005 20250521000000.0
009 20260310102119.638
037 |a Acervo ITESO - Biblioteca 
041 |a ING 
082 |a 569.  |b PAS V. 3 
100 |a James, Jasper  |e (prod. de la serie) 
240 1 1 |a [Paseando con animales prehistóricos] 
240 1 1 |a [Walking with Beasts] 
245 1 0 |a Paseando con animales prehistóricos :  |b dientes de sable = Walking with Beasts : Sabre-tooth /  |c Prod. de la serie de J. James ; prod. ejecutiva de T. Haines ; prod. y dir. de N. Paterson. 
246 2 |a Título alternativo en español (Argentina): Caminando con bestias prehistóricas: dientes de sable 
246 2 |a Título alternativo en español (Argentina): Caminando con criaturas prehistóricas: dientes de sable 
246 2 |a Título alternativo en español (Argentina): Caminando con bestias prehistóricas: el camino del mamut 
246 2 |a Título alternativo en español (Argentina): Caminando con criaturas prehistóricas: el camino del mamut 
246 2 |a Título en la pantalla: Caminando con animales prehistóricos: dientes de sable 
246 2 |a Título en la pantalla: Caminando con animales prehistóricos: el camino del mamut 
264 4 |a Inglaterra :  |b BBC,  |c 2001, c2001 
264 1 |a México :  |b Tycoon [distribución],  |c copyright fecha no identificada 
300 |a 1 DVD sin dato de región  |c (29, 29 min.) 
336 |a imagen móvil bidimensional  |b tdi  |2 rdacontenido 
337 |a video  |b v  |2 rdamedio 
338 |a videodisco  |b vd  |2 rdasoporte 
440 1 |a (Paseando con Animales Prehistóricos ;  |v 3) 
440 1 |a (Walking with Beasts ;  |v 3) 
546 |a En inglés, con subtítulos opcionales: español 
546 |a Doblaje opcional: español 
649 |a XX 
650 |a Mamut 
650 |a Proboscidios Fósiles 
650 |a Mamíferos Fósiles 
650 |a Animales Extintos –  |z Paraguay 
650 |a Animales Extintos –  |z Europa del Norte 
650 |a Mamíferos 
650 |a Vertebrados 
650 |a Felinos 
650 |a Animales Predatores 
650 |a Migración Animal 
650 |a Paleontología 
650 |a Zoología 
650 |a Paleobiología 
650 |a Biología 
650 |a Historia Natural -  |z Paraguay 
650 |a Historia Natural -  |z Mar del Norte 
650 |a Historia Natural -  |z Europa del Norte 
740 0 |a Paseando con animales prehistóricos :  |b el camino del mamut = Walking with Beasts : Mammoth Journey /  |c Prod. de la serie de J. James ; prod. ejecutiva de T. Haines. 
700 |a Haines, Tim  |e (producción ejecutiva) 
700 |a Paterson, Nigel  |e (producción) 
700 |a Paterson, Nigel  |e (dirección) 
700 |a Jenkins, Paul  |e (fotógrafo) 
700 |a Wilks, Andrew  |e (montaje) 
700 |a Bartlett, Ben  |e (música) 
700 |a Branagh, Kenneth  |e (conducción) 
700 |a Howarth, John  |e (fotógrafo) 
700 |a Pitts, Michael  |e (fotógrafo) 
700 |a Bell, Geoffrey  |e (fotógrafo) 
910 |a Fondo General 
920 |a Audiovisuales - DVDs 
905 |a 302 
901 |a 0500108519  |b IT2  |c DVS  |u 20250521 
902 |a https://opac.biblio.iteso.mx/vufind/Record/000184569